000 004860000a22001930004500
001 003156
003 MACL
005 20150716133229.0
008 150716b xxu||||| |||| 00| 0 eng d
040 _aMACL
_cMACL
041 _aEnglish
082 _a342.954/ARU
100 _aAruna, Aladi
_92321
245 _aUnfederal Features Of Indian Constitution
_cAladi Aruna
260 _aChennai
_c2001
_bMathivanan Publication,
350 _a495
650 _aLaw
_925
942 _k343
_cBK
_2ddc
999 _c15062
_d15062